书目信息 |
| 题名: |
劳动和社会保障法学
|
|
| 作者: | 王昌硕 主编 ;郑尚元 撰稿 | |
| 分册: | ||
| 出版信息: | 北京 中国劳动社会保障出版社 2005 |
|
| 页数: | 351页 | |
| 开本: | 23cm | |
| 丛书名: | ||
| 单 册: | ||
| 中图分类: | D922.501 , D922.182.31 | |
| 科图分类: | ||
| 主题词: | 劳动法--中国--高等教育--教材 , 社会保障--法律--中国--高等教育--教材 , 劳动法 , 社会保障 , 法律 | |
| 电子资源: | ||
| ISBN: | 7-5045-4941-X | |
| 000 | 01131nam0 2200325 450 | |
| 001 | 100428101943 | |
| 005 | 20110224090746.10 | |
| 010 | @a7-5045-4941-X@dCNY30.00 | |
| 035 | @a003121433 | |
| 100 | @a20060104d2005 em y0chiy0110 ea | |
| 101 | 0 | @achi |
| 102 | @aCN@b110000 | |
| 105 | @ay z 000yy | |
| 106 | @ar | |
| 200 | 1 | @a劳动和社会保障法学@9lao dong he she hui bao zhang fa xue@f王昌硕主编@g郑尚元[等]撰稿 |
| 210 | @a北京@c中国劳动社会保障出版社@d2005 | |
| 215 | @a351页@d23cm | |
| 300 | @a北京市高等教育精品教材立项项目 | |
| 330 | @a本书包括劳动法历史与基础理论、社会保障法制度与理论以及劳动社会保障行政执法与监督三编,从社会法弱势群体权利本位和社会本位的视角分析劳动与社会保障法学的本质和内容。 | |
| 606 | 0 | @a劳动法@y中国@x高等教育@j教材 |
| 606 | 0 | @a社会保障@x法律@y中国@x高等教育@j教材 |
| 606 | 0 | @a劳动法 |
| 606 | 0 | @a社会保障 |
| 606 | 0 | @a法律 |
| 690 | @aD922.501@v4 | |
| 690 | @aD922.182.31@v4 | |
| 701 | 0 | @a王昌硕@9wang chang shuo@f(1937~)@4主编 |
| 702 | 0 | @a郑尚元@9zheng shang yuan@f(1965~)@4撰稿 |
| 801 | 0 | @aCN@bNLC@c20110224 |
| 905 | @b205998848-875@h599884-87@dD922.501@e948@f4 | |
| 劳动和社会保障法学/王昌硕主编/郑尚元[等]撰稿.-北京:中国劳动社会保障出版社,2005 |
| 351页;23cm |
| 北京市高等教育精品教材立项项目 |
| ISBN 7-5045-4941-X:CNY30.00 |
| 本书包括劳动法历史与基础理论、社会保障法制度与理论以及劳动社会保障行政执法与监督三编,从社会法弱势群体权利本位和社会本位的视角分析劳动与社会保障法学的本质和内容。 |
| ● |
| 相关链接 |
|
|
|
|
正题名:劳动和社会保障法学
索取号:D922.501/948
 
预约/预借
| 序号 | 登录号 | 条形码 | 馆藏地/架位号 | 状态 | 备注 |
| 1 | 599884 | 205998848 | 第一样本阅览室/ [索取号:D922.501/948] | 在馆 | |
| 2 | 599885 | 205998857 | 密集书库-史法系/ [索取号:D922.501/948] | 在馆 | |
| 3 | 599886 | 205998866 | 第一借阅区/ [索取号:D922.501/948] | 在馆 | |
| 4 | 599887 | 205998875 | 第一借阅区/ [索取号:D922.501/948] | 在馆 |